000 00298nam a22001217a 4500
040 _cSY
082 _a294
100 _aDANIEL H
245 _aBuddhism and deep ecology for protechtion of wild asian elephants in myanmar: a resource gurde
260 _aNA
_bDAN
_c2002
300 _a75p.
942 _cEK
999 _c9823
_d9823